| 000 | 01043nam a2200277Ia 4500 | ||
|---|---|---|---|
| 003 | OSt | ||
| 005 | 20221005111351.0 | ||
| 006 | a|||||r|||| 00| 0 | ||
| 007 | ta | ||
| 008 | 221004b |||||||| |||| 00| 0 hin d | ||
| 020 |
_a8181434064 (hbk) _c790 |
||
| 024 | _a17472 | ||
| 037 |
_b522, 21/03/2015, Vani Prakashan _cTextual |
||
| 040 |
_aCRL _cCRL _bhin |
||
| 041 |
_2hin _ahin |
||
| 082 | _aY15:4515.4, 152P5 | ||
| 100 | _aब्राउन, लुइज़ | ||
| 245 | 0 |
_aयौन दासियॉं _b एशिया का सैक्स बाज़ार |
|
| 246 | _aYaun dāsiyaॉan: eshiyā kā saiksa bāज़āra | ||
| 250 | _a2 संस्करण | ||
| 260 |
_aनई दिल्ली _bवाणी प्रकाशन भारत _c2005 |
||
| 300 |
_a219पृ0 _ccm. |
||
| 650 | _aभारतीय-लोक साहित्य | ||
| 942 |
_hY15:4515.4, 152P5 _cTEXL _2cc |
||
| 999 |
_c1021619 _d1021619 |
||